Essentials of physical chemistry Part-2 / (Record no. 10316)
[ view plain ]
| 000 -LEADER | |
|---|---|
| fixed length control field | 00502cam a2200205ua 4500 |
| 041 ## - LANGUAGE CODE | |
| Language code of text/sound track or separate title | eng |
| 082 ## - DEWEY DECIMAL CLASSIFICATION NUMBER | |
| Classification number | 541.3 |
| Item number | BAH/ES |
| 100 ## - MAIN ENTRY--AUTHOR NAME | |
| Personal name | Bahl, B S . |
| 245 ## - TITLE STATEMENT | |
| Title | Essentials of physical chemistry Part-2 / |
| 250 ## - EDITION STATEMENT | |
| Edition statement | 17 / |
| 260 ## - PUBLICATION, DISTRIBUTION, ETC. (IMPRINT) | |
| Place of publication | New Delhi : |
| Name of publisher | S.Chand and Co , |
| Year of publication | 1968. |
| 300 ## - PHYSICAL DESCRIPTION | |
| Number of Pages | 494 ; . |
| 700 1# - ADDED ENTRY--PERSONAL NAME | |
| Personal name | Tuli, G D . |
| 942 ## - ADDED ENTRY ELEMENTS (KOHA) | |
| Koha item type | Books |
| Withdrawn status | Lost status | Damaged status | Home library | Current library | Date acquired | Full call number | Accession Number | Koha item type | Shelving location | Cost, normal purchase price |
|---|---|---|---|---|---|---|---|---|---|---|
| KAUAET | KAUAET | 07/04/2012 | 541.3 | 12147 | Books | |||||
| KAUAET | KAUAET | 07/04/2012 | 541.3 | 12149 | Books | |||||
| KAUAET | KAUAET | 29/05/2018 | 541.3 BAH/ES | BB 384 | Book Bank scheme for SC students | Scheme | 580.00 |
